01005nam a22001817a 450000500170000000800410001702000180005805000150007610000200009124500970011126000520020830000280026050000200028850503690030894200120067799900170068995201170070620250910123910.0250910b ||||| |||| 00| 0 eng d a9780521371018 aHD1286.O87 9Ostrom, Elinor. aGoverning the commons: the evolution of institutions for collective action /cElinor Ostrom. aCambridge :bCambridge University Press,c1990. axviii, 280 p. :c23 cm. aIncludes index. aContents: Reflections on the commons -- An institutional approach to the study of self-organization and self-governance in CPR situations -- Analyzing long-enduring, self-organized, and self-governed CPRs -- Analyzing institutional change -- Analyzing institutional failures and fragilities -- A framework for analysis of self-organizing and self-governing CPRs.  2lcccBK c10474d17974 00102lcc4070aWIUC-1bWIUC-1cLLd2025-09-10oHD1286.O87p3558/673/25r2025-09-10 00:00:00t1w2025-09-10yBK